| 000 | 00642nam a22002537a 4500 | ||
|---|---|---|---|
| 005 | 20230608184615.0 | ||
| 008 | 181204b2015 xxu||||| |||| 00| 0 spa d | ||
| 020 | _a9786076222096 | ||
| 041 | _aESP | ||
| 082 | _a004.67 A668p | ||
| 245 | _aPrograme Juegos con HTML5 | ||
| 260 | _aMéxico | ||
| 260 | _bAlfaomega | ||
| 260 | _c2015 | ||
| 300 | _a312 páginas | ||
| 650 |
_aREDES DE COMPUTADORAS _979419 |
||
| 650 |
_aHTLML5 _979420 |
||
| 650 |
_aJUEGOS CON COMPUTADOR _979421 |
||
| 650 |
_aPROGRAMACIÓN _979422 |
||
| 650 |
_aDISEÑO _979423 |
||
| 650 |
_aANIMACIÓN _979424 |
||
| 650 |
_aJUEGOS DE MEMORIA _979425 |
||
| 942 | _cBK | ||
| 999 |
_c11407 _d11407 |
||